000 00295nam a2200133 i 4500
001 bg
100 1 _aMARCOLLA, K.
245 0 _aZarys spawalnictwa /
_cK. Marcolla.
260 _aWarszawa,
_c1979.
040 _cBPK
041 _apol
942 _cKS
008 s pl f |000 0 pol
999 _c18613
_d18613
856 _uhttp://koha.tu.koszalin.pl/cgi-bin/koha/opac-detail.pl?biblionumber=18613
_yKatalog online BPK